书目信息 |
| 题名: |
Word/Excel/PPT 2019应用大全
|
|
| 作者: | 张婷婷 编著 | |
| 分册: | ||
| 出版信息: | 北京 机械工业出版社 2020.01 |
|
| 页数: | 480页 | |
| 开本: | 26cm | |
| 丛书名: | ||
| 单 册: | ||
| 中图分类: | TP317.1 | |
| 科图分类: | ||
| 主题词: | 办公自动化--ban gong zi dong hua--应用软件 | |
| 电子资源: | ||
| ISBN: | 978-7-111-64107-0 | |
| 000 | 01097nam0 2200217 450 | |
| 001 | 2060839643 | |
| 005 | 20201104165416.21 | |
| 010 | @a978-7-111-64107-0@dCNY89.00 | |
| 100 | @a20191216d2020 em y0chiy50 ea | |
| 101 | 0 | @achi |
| 102 | @aCN@b110000 | |
| 105 | @aa z 000yy | |
| 200 | 1 | @aWord/Excel/PPT 2019应用大全@AWord/Excel/PPT 2019 ying yong da quan@f张婷婷编著 |
| 210 | @a北京@c机械工业出版社@d2020.01 | |
| 215 | @a480页@c图@d26cm | |
| 330 | @a本书详细介绍了Word 2019、Excel 2019和PowerPoint 2019三大常用Office组件的使用方法。本书分为四篇共19章, 主要介绍了Office 2019的操作界面、基本操作, Word 2019的文本编辑和格式编排、图文混排、表格和图表编辑、页面的美化和规范、文档的审阅和打印, Excel 2019的基本操作、数据编辑与美化、公式与函数的运用、数据分析与管理、图表的应用、打印与共享, PowerPoint 2019的基本操作、幻灯片的编辑操作、主题和母版的灵活运用、幻灯片的交互与动画、幻灯片的放映与输出等内容。 | |
| 606 | 0 | @a办公自动化@Aban gong zi dong hua@x应用软件 |
| 690 | @aTP317.1@v5 | |
| 701 | 0 | @a张婷婷@Azhang ting ting@4编著 |
| 801 | 0 | @aCN@b人天书店@c20201005 |
| 905 | @aZUCC@dTP317.1@eZ186 | |
| Word/Excel/PPT 2019应用大全/张婷婷编著.-北京:机械工业出版社,2020.01 |
| 480页:图;26cm |
| ISBN 978-7-111-64107-0:CNY89.00 |
| 本书详细介绍了Word 2019、Excel 2019和PowerPoint 2019三大常用Office组件的使用方法。本书分为四篇共19章, 主要介绍了Office 2019的操作界面、基本操作, Word 2019的文本编辑和格式编排、图文混排、表格和图表编辑、页面的美化和规范、文档的审阅和打印, Excel 2019的基本操作、数据编辑与美化、公式与函数的运用、数据分析与管理、图表的应用、打印与共享, PowerPoint 2019的基本操作、幻灯片的编辑操作、主题和母版的灵活运用、幻灯片的交互与动画、幻灯片的放映与输出等内容。 |
| ● |
| 相关链接 |
|
|
|
正题名:Word/Excel/PPT 2019应用大全
索取号:TP317.1/Z186
 
预约/预借
| 序号 | 登录号 | 条形码 | 馆藏地/架位号 | 状态 | 备注 |
| 1 | 1477619 | 214776198 | 自科库301/301自科库 90排1列2层/ [索取号:TP317.1/Z186] | 在馆 | |
| 2 | 1477620 | 214776205 | 自科库301/301自科库 90排1列2层/ [索取号:TP317.1/Z186] | 在馆 |